ბათუმის შოთა რუსთაველის სახელმწიფო უნივერსიტეტის ბიბლიოთეკა

Медоносные растения (ბიბ.ჩანაწერი № 46420)

000 -LEADER
fixed length control field 00580nam a2200217Ia 4500
001 - CONTROL NUMBER
control field 13256
003 - CONTROL NUMBER IDENTIFIER
control field GE_BSU
008 - FIXED-LENGTH DATA ELEMENTS--GENERAL INFORMATION
fixed length control field 181216s||||||||xx |||||||||||||| ||und||
040 ## - CATALOGING SOURCE
Transcribing agency GE_BSU
080 ## - UNIVERSAL DECIMAL CLASSIFICATION NUMBER
Universal Decimal Classification number 638.1
100 ## - MAIN ENTRY--PERSONAL NAME
Personal name Глухов,М.М.
245 ## - TITLE STATEMENT
Title Медоносные растения
245 ## - TITLE STATEMENT
Statement of responsibility, etc. Ред.В.И.Сергеев
250 ## - EDITION STATEMENT
Edition statement 6-ое дополн.и перераб.
260 ## - PUBLICATION, DISTRIBUTION, ETC.
Place of publication, distribution, etc. Москва
260 ## - PUBLICATION, DISTRIBUTION, ETC.
Name of publisher, distributor, etc. Сельхозгиз
260 ## - PUBLICATION, DISTRIBUTION, ETC.
Date of publication, distribution, etc. 1955
300 ## - PHYSICAL DESCRIPTION
Extent 512стр.илл.27см.
653 ## - INDEX TERM--UNCONTROLLED
Uncontrolled term Медоносные растения
942 ## - ADDED ENTRY ELEMENTS (KOHA)
Koha item type წიგნი
ეგზემპლარები
Withdrawn status Lost status Damaged status Not for loan Date acquired Barcode Date last seen Price effective from Koha item type
        2018-12-17 20801 2018-12-17 2018-12-17 წიგნი